[Event "Gold Coast op"]
[Site "Gold Coast"]
[Date "1999.??.??"]
[Round "6"]
[White "Sarfati, Jonathan D"]
[Black "Jones, Evan"]
[Result "1-0"]
[WhiteElo "2037"]
[BlackElo "1463"]
[PlyCount "47"]
[EventDate "1999.06.??"]
[EventType "swiss"]
[EventRounds "7"]
[EventCountry "AUS"]
[SourceTitle "EXT 2003"]
[Source "ChessBase"]
[SourceDate "2002.11.25"]
[SourceVersion "1"]
[SourceVersionDate "2002.11.25"]
[SourceQuality "1"]

1. d4 d5 2. c4 Nf6 3. cxd5 Nxd5 4. Nf3 Bf5 5. Qb3 Nb6 6. Nc3 e6 7. e4 Bg6 8. Be3 Be7 9. Be2 0-0 10. 0-0 Kh8 11. Rfd1 Qc8 12. Rac1 f5 13. Ne5 f4 14. Nxg6+ hxg6 15. Bd2 Nc6 16. Nb5 a6 17. Qh3+ Kg8 18. Bg4 Rf6 19. Nxc7 Qxc7 20. Bxe6+ Rxe6 21. Qxe6+ Kf8 22. d5 Qe5 23. Rxc6 Qxe6 24. Rxe6 1-0

[Event "Gold Coast op"]
[Site "Gold Coast"]
[Date "1998.06.21"]
[Round "6"]
[White "Sarfati, Jonathan D"]
[Black "Rogers, Ian"]
[Result "0-1"]
[WhiteElo "2300"]
[BlackElo "2570"]
[PlyCount "36"]
[EventDate "1998.06.??"]
[EventType "swiss"]
[EventRounds "7"]
[EventCountry "AUS"]
[SourceTitle "EXT 1999"]
[Source "ChessBase"]
[SourceDate "1998.11.16"]
[SourceVersion "1"]
[SourceVersionDate "1998.11.16"]
[SourceQuality "1"]

1. d4 Nf6 2. c4 g6 3. Nc3 Bg7 4. e4 0-0 5. Be3 c6 6. e5 Ne8 7. f4 d6 8. Nf3 c5 9. dxc5 Nc6 10. exd6 exd6 11. Qd2 Qa5 12. cxd6 Nxd6 13. Be2 Rd8 14. Nd5 Qxd2+ 15. Kxd2 Bxb2 16. Rab1 Bg7 17. Bd3 Be6 18. Nc7 Bxc4 0-1

[Event "NZL-ch"]
[Site "Wellington"]
[Date "1995.??.??"]
[Round "9"]
[White "Sarfati, Jonathan D"]
[Black "Dreyer, Martin"]
[Result "1/2-1/2"]
[WhiteElo "2315"]
[BlackElo "2320"]
[PlyCount "34"]
[EventDate "1995.??.??"]
[EventType "tourn"]
[EventRounds "11"]
[EventCountry "NZL"]
[SourceTitle "EXT 1998"]
[Source "ChessBase"]
[SourceDate "1997.11.17"]
[SourceVersion "1"]
[SourceVersionDate "1997.11.17"]
[SourceQuality "1"]

1. d4 Nf6 2. c4 e5 3. dxe5 Ng4 4. Bf4 Nc6 5. Nf3 Bb4+ 6. Nbd2 f6 7. exf6 Qxf6 8. g3 Qxb2 9. Bg2 d6 10. 0-0 Bf5 11. Nb3 Be4 12. Bh3 Nf6 13. Ng5 Bc2 14. Qc1 Qxc1 15. Raxc1 Bxb3 16. axb3 Nd4 17. Kg2 h6 1/2-1/2

[Event "Australian Masters"]
[Site "Melbourne"]
[Date "1995.??.??"]
[Round "4"]
[White "Sarfati, Jonathan D"]
[Black "Reilly, Tim"]
[Result "1-0"]
[WhiteElo "2310"]
[BlackElo "2350"]
[PlyCount "63"]
[EventDate "1995.??.??"]
[EventType "tourn"]
[EventRounds "11"]
[EventCountry "AUS"]
[EventCategory "4"]
[SourceTitle "EXT 1997"]
[Source "ChessBase"]
[SourceDate "1996.11.15"]
[SourceVersion "1"]
[SourceVersionDate "1996.11.15"]
[SourceQuality "1"]

1. e4 d6 2. d4 Nf6 3. Nc3 g6 4. Be3 Bg7 5. Qd2 c6 6. a4 0-0 7. Nf3 Bg4 8. Be2 Nbd7 9. 0-0 e5 10. h3 Bxf3 11. Bxf3 Re8 12. Rfd1 Qe7 13. d5 c5 14. Rdb1 Rf8 15. b4 Ne8 16. bxc5 Nxc5 17. Rb5 f5 18. Rab1 b6 19. a5 bxa5 20. Rxa5 fxe4 21. Bxe4 Nxe4 22. Nxe4 Nf6 23. Qd3 Nxe4 24. Qxe4 Rfc8 25. Rba1 Rc7 26. c4 Qd7 27. c5 dxc5 28. d6 Rc6 29. Rxc5 Rcc8 30. Qd5+ Kh8 31. Rxc8+ Qxc8 32. d7 1-0

[Event "Olympiad-30"]
[Site "Manila"]
[Date "1992.06.15"]
[Round "7.2"]
[White "Sarfati, Jonathan D"]
[Black "Abdullah, Mohd Kamal"]
[Result "0-1"]
[WhiteElo "2305"]
[BlackElo "2205"]
[PlyCount "64"]
[EventDate "1992.06.08"]
[EventType "team-swiss"]
[EventRounds "14"]
[EventCountry "PHI"]
[SourceTitle "TD"]
[Source "ChessBase"]
[SourceDate "1994.03.01"]
[SourceVersion "1"]
[SourceVersionDate "1994.03.01"]
[SourceQuality "1"]
[WhiteTeam "New Zealand"]
[BlackTeam "Malaysia"]
[WhiteTeamCountry "NZL"]
[BlackTeamCountry "MAS"]

1. d4 Nf6 2. c4 g6 3. Nf3 Bg7 4. g3 0-0 5. Bg2 d6 6. 0-0 Nc6 7. Nc3 e5 8. d5 Ne7 9. e4 Ne8 10. Ne1 f5 11. Nd3 Nf6 12. Bd2 h6 13. Rc1 g5 14. exf5 Bxf5 15. Qe2 Qe8 16. f3 c6 17. Ne4 Qd8 18. c5 dxc5 19. dxc6 b6 20. b4 Nxc6 21. bxc5 Nd4 22. Qe3 Nxe4 23. fxe4 Bg4 24. Kh1 Rxf1+ 25. Rxf1 Nc2 26. Qf2 Qxd3 27. Qf7+ Kh8 28. cxb6 axb6 29. Qb7 Rf8 30. Rxf8+ Bxf8 31. Qf7 Bg7 32. Qf2 Qe2 0-1

[Event "Olympiad-30"]
[Site "Manila"]
[Date "1992.06.14"]
[Round "6.2"]
[White "Barle, Janez"]
[Black "Sarfati, Jonathan D"]
[Result "1/2-1/2"]
[WhiteElo "2430"]
[BlackElo "2305"]
[PlyCount "80"]
[EventDate "1992.06.08"]
[EventType "team-swiss"]
[EventRounds "14"]
[EventCountry "PHI"]
[SourceTitle "TD"]
[Source "ChessBase"]
[SourceDate "1994.03.01"]
[SourceVersion "1"]
[SourceVersionDate "1994.03.01"]
[SourceQuality "1"]
[WhiteTeam "Slovenia"]
[BlackTeam "New Zealand"]
[WhiteTeamCountry "SLO"]
[BlackTeamCountry "NZL"]

1. Nf3 d5 2. g3 Nf6 3. Bg2 c6 4. 0-0 Bf5 5. d3 Nbd7 6. c4 e6 7. cxd5 cxd5 8. Nc3 Bc5 9. Nh4 Bg4 10. h3 Bh5 11. g4 Bg6 12. Nxg6 hxg6 13. d4 Bd6 14. e3 Rc8 15. f4 Nb6 16. a4 a6 17. Qb3 Qc7 18. g5 Nh5 19. a5 Nc4 20. Qa4+ Qc6 21. Qxc6+ Rxc6 22. e4 dxe4 23. Nxe4 Be7 24. Nd2 Rc7 25. Nxc4 Rxc4 26. Bxb7 Ng3 27. Rf2 Rxd4 28. Bxa6 Rd1+ 29. Kg2 Nf5 30. Bb5+ Kf8 31. Rc2 Kg8 32. Rc8+ Kh7 33. Rxh8+ Kxh8 34. a6 Bc5 35. b4 Ba7 36. Be2 Nh4+ 37. Kh2 Rg1 38. Bg4 f5 39. gxf6 gxf6 40. b5 Rg2+ 1/2-1/2

[Event "Auckland"]
[Site "Auckland"]
[Date "1992.??.??"]
[Round "1"]
[White "Dreyer, Martin"]
[Black "Sarfati, Jonathan D"]
[Result "1/2-1/2"]
[WhiteElo "2235"]
[BlackElo "2305"]
[PlyCount "63"]
[EventDate "1992.??.??"]
[EventType "tourn"]
[EventRounds "11"]
[EventCountry "NZL"]
[EventCategory "5"]
[SourceTitle "CBM 029 Extra"]
[Source "ChessBase"]
[SourceDate "1992.09.01"]
[SourceVersion "1"]
[SourceVersionDate "1992.09.01"]
[SourceQuality "1"]

1. Nf3 Nf6 2. c4 g6 3. Nc3 Bg7 4. g3 0-0 5. Bg2 d5 6. cxd5 Nxd5 7. 0-0 c5 8. Qc2 Nc6 9. a3 Bg4 10. e3 Nb6 11. d3 Rc8 12. Ne4 Nd7 13. h3 Be6 14. Neg5 Bd5 15. e4 Nd4 16. Nxd4 cxd4 17. Qd1 Bc6 18. b4 a5 19. f4 axb4 20. axb4 Qb6 21. Qd2 Bb5 22. Bb2 Rc3 23. Qf2 Bxd3 24. Rfc1 Rxc1+ 25. Rxc1 Qxb4 26. e5 Nc5 27. Bxd4 Nb3 28. Rd1 Nxd4 29. Rxd3 Qb1+ 30. Bf1 Nc6 31. Qc5 h6 32. Ne4 1/2-1/2

[Event "Auckland"]
[Site "Auckland"]
[Date "1992.??.??"]
[Round "3"]
[White "Martin, Benjamin"]
[Black "Sarfati, Jonathan D"]
[Result "1-0"]
[WhiteElo "2320"]
[BlackElo "2305"]
[PlyCount "73"]
[EventDate "1992.??.??"]
[EventType "tourn"]
[EventRounds "11"]
[EventCountry "NZL"]
[EventCategory "5"]
[SourceTitle "CBM 029 Extra"]
[Source "ChessBase"]
[SourceDate "1992.09.01"]
[SourceVersion "1"]
[SourceVersionDate "1992.09.01"]
[SourceQuality "1"]

1. d4 Nf6 2. Nf3 d5 3. c4 e6 4. Nc3 Be7 5. e3 0-0 6. Bd3 dxc4 7. Bxc4 c5 8. 0-0 a6 9. Qe2 b5 10. Bd3 Bb7 11. Rd1 cxd4 12. exd4 b4 13. Ne4 Nxe4 14. Bxe4 Bxe4 15. Qxe4 Nd7 16. Bf4 Nf6 17. Qe2 Nd5 18. Be5 Qa5 19. Rd3 Rfc8 20. h4 Rc6 21. Bxg7 Kxg7 22. Ne5 Rc7 23. Rg3+ Kf8 24. Qg4 Ke8 25. Nxf7 Kxf7 26. Qh5+ Kf8 27. Rf3+ Bf6 28. Rxf6+ Kg8 29. Rxe6 Qb5 30. Re5 Rd7 31. Rae1 Qc6 32. Rg5+ Kf8 33. Qf3+ Rf7 34. Qxd5 Qxd5 35. Rxd5 Rc8 36. Rc5 Rd8 37. Re4 1-0

[Event "Auckland"]
[Site "Auckland"]
[Date "1992.??.??"]
[Round "4"]
[White "Sarfati, Jonathan D"]
[Black "Levi, Eddy"]
[Result "0-1"]
[WhiteElo "2305"]
[BlackElo "2300"]
[PlyCount "104"]
[EventDate "1992.??.??"]
[EventType "tourn"]
[EventRounds "11"]
[EventCountry "NZL"]
[EventCategory "5"]
[SourceTitle "CBM 029 Extra"]
[Source "ChessBase"]
[SourceDate "1992.09.01"]
[SourceVersion "1"]
[SourceVersionDate "1992.09.01"]
[SourceQuality "1"]

1. d4 Nf6 2. c4 e5 3. dxe5 Ng4 4. Bf4 Nc6 5. Nf3 Bb4+ 6. Nbd2 Qe7 7. e3 Ngxe5 8. Nxe5 Nxe5 9. Be2 0-0 10. 0-0 a5 11. Nf3 d6 12. Qd5 Ng6 13. Bg3 a4 14. Rac1 a3 15. b3 c6 16. Qd4 f5 17. Nh4 Nxh4 18. Qxh4 g5 19. Qh5 Qg7 20. Bd3 f4 21. exf4 gxf4 22. Bh4 Ra5 23. Qd1 Qh6 24. g3 Bh3 25. Qc2 Rh5 26. Kh1 Bxf1 27. Rxf1 Bc5 28. Qc3 Qg7 29. Qd2 Kh8 30. b4 Bd4 31. Bc2 fxg3 32. Bxg3 Qxg3 33. Qxd4+ Qe5 34. Qxe5+ Rxe5 35. Bb3 Re2 36. Kg2 Rb2 37. Kg3 Rg8+ 38. Kf3 Re8 39. Rd1 Re6 40. Rd4 Rf6+ 41. Kg3 Rbxf2 42. Re4 Kg7 43. Re7+ Rf7 44. Re8 Rb2 45. Ra8 Rff2 46. h4 Rg2+ 47. Kf3 Kf6 48. Rxa3 Ke5 49. Bd1 Rbf2+ 50. Ke3 Rg3+ 51. Kxf2 Rxa3 52. Bb3 Kf4 0-1

[Event "Auckland"]
[Site "Auckland"]
[Date "1992.??.??"]
[Round "11"]
[White "Sarfati, Jonathan D"]
[Black "Rogers, Ian"]
[Result "0-1"]
[WhiteElo "2305"]
[BlackElo "2550"]
[PlyCount "52"]
[EventDate "1992.??.??"]
[EventType "tourn"]
[EventRounds "11"]
[EventCountry "NZL"]
[EventCategory "5"]
[SourceTitle "CBM 029 Extra"]
[Source "ChessBase"]
[SourceDate "1992.09.01"]
[SourceVersion "1"]
[SourceVersionDate "1992.09.01"]
[SourceQuality "1"]

1. d4 e6 2. Nf3 Nf6 3. Bg5 c5 4. e3 Qb6 5. Qc1 Ne4 6. Bf4 Nc6 7. c3 d5 8. Nbd2 f5 9. Be2 Be7 10. Nxe4 fxe4 11. Ne5 0-0 12. 0-0 Bf6 13. Nxc6 bxc6 14. Bd6 cxd4 15. Bxf8 d3 16. Bxg7 Bxg7 17. Bg4 c5 18. Qd2 Rb8 19. Rab1 Bd7 20. h3 Qa6 21. b3 Be8 22. f3 h5 23. fxe4 hxg4 24. exd5 exd5 25. hxg4 Bg6 26. Rbc1 Qe6 0-1

[Event "NZL-ch"]
[Site "Dunedin"]
[Date "1992.??.??"]
[Round "8"]
[White "Sarfati, Jonathan D"]
[Black "Stuart, Peter W"]
[Result "1/2-1/2"]
[WhiteElo "2325"]
[BlackElo "2210"]
[PlyCount "83"]
[EventDate "1992.??.??"]
[EventType "tourn"]
[EventRounds "11"]
[EventCountry "NZL"]
[EventCategory "1"]
[SourceTitle "EXT 1997"]
[Source "ChessBase"]
[SourceDate "1996.11.15"]
[SourceVersion "1"]
[SourceVersionDate "1996.11.15"]
[SourceQuality "1"]

1. Nf3 Nf6 2. c4 g6 3. Nc3 d5 4. cxd5 Nxd5 5. e4 Nxc3 6. dxc3 Qxd1+ 7. Kxd1 Nd7 8. Bf4 c6 9. Kc2 f6 10. Bc4 e5 11. Bg3 Bd6 12. a4 a5 13. Rhd1 Ke7 14. Nd2 Nb6 15. Bb3 Be6 16. f3 Rhd8 17. Bf2 Bc7 18. Bxe6 Kxe6 19. Nb3 Nd7 20. Rd3 b6 21. Rad1 Nf8 22. Rxd8 Rxd8 23. Rxd8 Bxd8 24. Kd3 Nd7 25. Kc4 Be7 26. Nc1 Bc5 27. Bg3 Be3 28. Nd3 b5+ 29. axb5 Nb6+ 30. Kb3 cxb5 31. Kc2 a4 32. Nb4 Bc5 33. Na6 Bd6 34. Bf2 Nc4 35. Nb4 Bxb4 36. cxb4 a3 37. bxa3 Nxa3+ 38. Kd3 Nc4 39. Bc5 Nb2+ 40. Kc2 Nc4 41. g4 Nd6 42. Bxd6 1/2-1/2

[Event "NZL-ch"]
[Site "New Zeeland"]
[Date "1991.??.??"]
[Round "?"]
[White "Dive, Russell John"]
[Black "Sarfati, Jonathan D"]
[Result "1-0"]
[WhiteElo "2305"]
[BlackElo "2320"]
[PlyCount "77"]
[EventDate "1991.??.??"]
[EventType "tourn"]
[EventRounds "11"]
[EventCountry "NZL"]
[SourceTitle "EXT 1999"]
[Source "ChessBase"]
[SourceDate "1998.11.16"]
[SourceVersion "1"]
[SourceVersionDate "1998.11.16"]
[SourceQuality "1"]

1. d4 Nf6 2. c4 c5 3. d5 b5 4. cxb5 a6 5. f3 e6 6. e4 exd5 7. e5 Qe7 8. Qe2 Ng8 9. Nc3 Bb7 10. Nh3 d6 11. Nf4 dxe5 12. Nfxd5 Qd6 13. Ne3 Nd7 14. Nc4 Qe6 15. Na5 Bc8 16. Qe4 Ra7 17. Nc6 Ngf6 18. Qa4 Rc7 19. Qa5 Bd6 20. bxa6 0-0 21. Qb5 e4 22. Bc4 Qf5 23. 0-0 Rxc6 24. Qxc6 Qe5 25. f4 Qd4+ 26. Be3 Qxe3+ 27. Kh1 Bb8 28. Rad1 Ng4 29. Nd5 Nf2+ 30. Rxf2 Qxf2 31. a7 Bxa7 32. Ne7+ Kh8 33. Nxc8 Bb8 34. Qxd7 Qxf4 35. Nd6 e3 36. Qe7 Rc8 37. Nxf7+ Kg8 38. Nd8+ Qxc4 39. Qe8# 1-0

[Event "NZL-ch"]
[Site "New Zeeland"]
[Date "1991.??.??"]
[Round "?"]
[White "Dowden, R Anthony"]
[Black "Sarfati, Jonathan D"]
[Result "1/2-1/2"]
[WhiteElo "2220"]
[BlackElo "2320"]
[PlyCount "27"]
[EventDate "1991.??.??"]
[EventType "tourn"]
[EventRounds "11"]
[EventCountry "NZL"]
[SourceTitle "EXT 1999"]
[Source "ChessBase"]
[SourceDate "1998.11.16"]
[SourceVersion "1"]
[SourceVersionDate "1998.11.16"]
[SourceQuality "1"]

1. e4 e5 2. Nf3 Nc6 3. Bb5 a6 4. Ba4 Nf6 5. 0-0 Be7 6. Bxc6 dxc6 7. Qe1 c5 8. Nxe5 Qd4 9. Nf3 Qxe4 10. Qxe4 Nxe4 11. Re1 Nd6 12. Nc3 Be6 13. d4 cxd4 14. Nxd4 1/2-1/2

[Event "NZL-ch"]
[Site "Otago"]
[Date "1991.??.??"]
[Round "9"]
[White "Ker, Anthony F"]
[Black "Sarfati, Jonathan D"]
[Result "1/2-1/2"]
[WhiteElo "2305"]
[BlackElo "2320"]
[PlyCount "49"]
[EventDate "1991.??.??"]
[EventType "tourn"]
[EventRounds "11"]
[EventCountry "NZL"]
[EventCategory "1"]
[SourceTitle "EXT 1997"]
[Source "ChessBase"]
[SourceDate "1996.11.15"]
[SourceVersion "1"]
[SourceVersionDate "1996.11.15"]
[SourceQuality "1"]

1. g4 d5 2. h3 e5 3. Bg2 Ne7 4. c4 dxc4 5. Qa4+ Nbc6 6. Qxc4 Be6 7. Qb5 Bd5 8. Bxd5 Qxd5 9. Qxd5 Nxd5 10. Nc3 Ndb4 11. Rb1 a5 12. Nf3 f6 13. d3 Nc2+ 14. Kd1 N2d4 15. Nxd4 Nxd4 16. Be3 c6 17. Bxd4 exd4 18. Ne4 0-0-0 19. a3 Kc7 20. Kd2 Be7 21. f4 Rd5 22. f5 a4 23. Rbf1 Rf8 24. h4 c5 25. Rh3 1/2-1/2

[Event "NZL-ch"]
[Site "Otago"]
[Date "1991.??.??"]
[Round "6"]
[White "Sarfati, Jonathan D"]
[Black "Love, Anthony J"]
[Result "1-0"]
[WhiteElo "2320"]
[BlackElo "2205"]
[PlyCount "121"]
[EventDate "1991.??.??"]
[EventType "tourn"]
[EventRounds "11"]
[EventCountry "NZL"]
[EventCategory "1"]
[SourceTitle "EXT 1997"]
[Source "ChessBase"]
[SourceDate "1996.11.15"]
[SourceVersion "1"]
[SourceVersionDate "1996.11.15"]
[SourceQuality "1"]

1. Nf3 Nf6 2. d4 g6 3. Bf4 Bg7 4. Nbd2 d5 5. c3 0-0 6. e3 Nbd7 7. Bd3 c5 8. 0-0 b6 9. Ne5 Bb7 10. Qf3 Nh5 11. Qh3 Nxf4 12. exf4 Nxe5 13. fxe5 Bc8 14. Qh4 a5 15. f4 e6 16. Qf2 cxd4 17. cxd4 Ba6 18. Bxa6 Rxa6 19. Qe2 Ra8 20. Qb5 Rb8 21. Rac1 Rb7 22. Rc6 Qd7 23. Rfc1 f6 24. Nf3 fxe5 25. fxe5 Bh6 26. R1c3 g5 27. h3 Rf4 28. Rc8+ Kf7 29. Qd3 Kg7 30. Qc2 Rf7 31. R8c6 g4 32. hxg4 Bf4 33. Qd3 Qe7 34. a3 Bg3 35. Qc2 Rd7 36. Qd2 Rf4 37. Qc2 Rf7 38. Qc1 Bf4 39. Qe1 Bg5 40. Qg3 h6 41. Qh3 Rf4 42. Rxb6 Re4 43. Qh5 Bf4 44. Rcc6 Qf7 45. Rxe6 Be3+ 46. Kf1 Qxh5 47. gxh5 Rc7 48. Rg6+ Kh7 49. Rgc6 Rxc6 50. Rxc6 Bxd4 51. Rc7+ Kg8 52. Rd7 Bxe5 53. Rxd5 Bxb2 54. Rxa5 Bc1 55. Ra6 Kf7 56. a4 Bf4 57. Kf2 Rb4 58. Ng1 Rb3 59. Ne2 Be3+ 60. Kf3 Bg5+ 61. Kg4 1-0